| 000 | 00427nam a2200181Ia 4500 | ||
|---|---|---|---|
| 005 | 20250425161413.0 | ||
| 008 | 250425s9999 xx 000 0 und d | ||
| 041 | _aeng | ||
| 082 | _a549.6 | ||
| 100 | _aLOCSEI, B. | ||
| 245 | 0 | _aMOLTEN SILICATES AND THEIR PROPERTIES | |
| 250 | _aS.E. | ||
| 260 |
_aEstados Unidos _bCHEMICAL PUBLISHING _c1970 |
||
| 260 | _aNEW YORK | ||
| 300 | _a135 | ||
| 942 | _c01 | ||
| 010 | _a19535 | ||
| 999 |
_c208550 _d208550 |
||